カタカナを含む大字(北海道) - Statistics

General Stats
  • This quiz has been taken 9 times
  • The average score is 6 of 135
Answer Stats
Hint Answer % Correct
厚岸町 ルークシュポール
83%
稚内市 ノシャップ
50%
札幌市白石区 流通センター
33%
小樽市 オタモイ
33%
札幌市東区 モエレ沼公園
17%
旭川市 パルプ町
17%
深川市 字メム
17%
ニセコ町 字ニセコ
17%
共和町 ワイス
17%
奈井江町 字チャシュナイ
17%
妹背牛町 字下メム
17%
占冠村 字ニニウ
17%
占冠村 字上トマム
17%
占冠村 字中トマム
17%
占冠村 字下トマム
17%
浜頓別町 字ポン仁達内
17%
士幌町 | 鹿追町 字ウリマク
17%
広尾町 字トヨイ
17%
陸別町 字クンネベツ
17%
陸別町 字ウエンベツ
17%
陸別町 字トマム
17%
釧路町 字トリトウシ
17%
釧路町 字トリトウシ原野
17%
厚岸町 セタニウシ
17%
標茶町 シラルトロ
17%
中標津町 | 札幌市中央区 旭ケ丘
0%
札幌市中央区 宮ケ丘
0%
札幌市豊平区 羊ケ丘
0%
札幌市南区 北ノ沢
0%
札幌市南区 中ノ沢
0%
札幌市厚別区 下野幌テクノパーク
0%
札幌市清田区 里塚緑ケ丘
0%
函館市 日ノ浜町
0%
小樽市 住ノ江
0%
小樽市 松ケ枝
0%
小樽市 | 枝幸町 | 根室市 梅ケ枝町
0%
旭川市 東旭川町日ノ出
0%
釧路市 弁天ケ浜
0%
釧路市 千代ノ浦
0%
釧路市 鶴ケ岱
0%
釧路市 緑ケ岡
0%
釧路市 桜ケ岡
0%
釧路市 阿寒町紀ノ丘
0%
釧路市 阿寒町オクルシュベ
0%
釧路市 音別町ムリ
0%
中標津町 | 帯広市 緑ケ丘
0%
北見市 中ノ島町
0%
夕張市 沼ノ沢
0%
夕張市 滝ノ上
0%
網走市 つくしケ丘
0%
網走市 向陽ケ丘
0%
網走市 字向陽ケ丘
0%
網走市 字二ツ岩
0%
網走市 字二見ケ岡
0%
留萌市 緑ケ丘町
0%
苫小牧市 字沼ノ端
0%
苫小牧市 沼ノ端中央
0%
苫小牧市 ウトナイ北
0%
苫小牧市 ウトナイ南
0%
赤平市 エルム町
0%
名寄市 ノースタウン区
0%
名寄市 サンピラー区
0%
名寄市 マーガレットヴィラ区
0%
根室市 松ケ枝町
0%
千歳市 モラップ
0%
砂川市 オアシス
0%
深川市 ウッカ
0%
富良野市 字島ノ下
0%
登別市 カルルス町
0%
石狩市 八幡町五ノ沢
0%
北斗市 三ツ石
0%
北斗市 茂辺地市ノ渡
0%
当別町 ビトエ
0%
当別町 太美スターライト
0%
知内町 | 黒松内町 字中ノ川
0%
知内町 字湯ノ里
0%
森町 字駒ケ岳
0%
森町 字栗ケ丘
0%
森町 字鷲ノ木町
0%
江差町 字萩ノ岱
0%
上ノ国町 字湯ノ岱
0%
上ノ国町 字上ノ国
0%
上ノ国町 字木ノ子
0%
乙部町 字三ツ谷
0%
黒松内町 字チョポシナイ
0%
留寿都村 字三ノ原
0%
留寿都村 字西ノ原
0%
仁木町 東町緑ケ丘
0%
東川町 ノカナン
0%
和寒町 字日ノ出
0%
浜頓別町 字金ケ丘
0%
浜頓別町 クッチャロ湖畔
0%
枝幸町 歌登パンケナイ
0%
斜里町 ウトロ東
0%
斜里町 ウトロ高原
0%
斜里町 ウトロ西
0%
斜里町 ウトロ中島
0%
斜里町 ウトロ香川
0%
鹿追町 柏ケ丘
0%
広尾町 字フンベ
0%
広尾町 字ヲソウシ
0%
広尾町 字ルベシベツ
0%
広尾町 字トヨイベツ
0%
広尾町 字カシュウンナイ
0%
広尾町 字上トヨイ基線
0%
広尾町 字ラッコベツ
0%
広尾町 字ラッコ
0%
広尾町 字ポロブレペツ
0%
池田町 字清見ケ丘
0%
陸別町 字下トラリ
0%
陸別町 字上トラリ
0%
釧路町 字モセウシナイ
0%
釧路町 字イワボッケ
0%
厚岸町 サッテベツ
0%
厚岸町 サンヌシ
0%
厚岸町 トライベツ
0%
厚岸町 チライカリベツ
0%
厚岸町 ホロニタイ
0%
標茶町 字ルルラン
0%
中標津町 桜ケ丘
0%
中標津町 並美ケ丘
0%
羅臼町 湯ノ沢町
0%
羅臼町 滝ノ下
0%
No matching quizzes found
Score Distribution
Percent of People with Each Score
Percentile by Number Answered
Your Score History
You have not taken this quiz